20 Elements of the Periodic Table Quiz - Statistics

General Stats
  • This quiz has been taken 71 times
  • The average score is 19 of 20
Answer Stats
# Symbol Element % Correct
1 H Hydrogen
100%
13 Al Aluminium
95%
4 Be Beryllium
95%
5 B Boron
95%
20 Ca Calcium
95%
6 C Carbon
95%
9 F Fluorine
95%
2 He Helium
95%
3 Li Lithium
95%
10 Ne Neon
95%
7 N Nitrogen
95%
8 O Oxygen
95%
16 S Sulfur
95%
17 Cl Chlorine
89%
12 Mg Magnesium
89%
19 K Potassium
89%
14 Si Silicon
89%
11 Na Sodium
89%
18 Ar Argon
84%
15 P Phosphorus
84%
No matching quizzes found
Score Distribution
Percent of People with Each Score
Percentile by Number Answered
Your Score History
You have not taken this quiz